=LDR 00000nam 2200000 4500 =001 INLIS000000000011780 =005 20130612103325 =008 ***********************************Ind** =035 ##$$0010-061300000011780 =041 ##$$a Ind =082 ##$$a 803.830 4 =090 ##$$a 803.830 4, Cam o =100 ##$$a Camus, Albert =245 ##$$a orang -oarnag terbungkam, Albert Camus =260 ##$$a 2002 $b Penerjemah =300 ##$$a 176 hlm., 21 cm =650 ##$$a Cerita pendek kumpulan =700 ##$$a Kusnia Anton =850 ##$$a NBPNMAT